Mobile Intelligent Autonomous Systems /

Enregistré dans:
Détails bibliographiques
Autres auteurs: Raol, J.R (Éditeur intellectuel), Gopal, Ajith K. (Éditeur intellectuel)
Format: Livre
Langue:anglais
Publié: Boca Raton : CRC Press, 2013
Tags: Ajouter un tag
Pas de tags, Soyez le premier à ajouter un tag!

MARC

LEADER 00000nam a22000003a 4500
001 0031373
003 SK-STU
005 20180226093121.0
007 ta
008 180226s ----xo-----e------000-0-----d
020 |a 978-1-138-07245-9 
040 |a STU  |b slo 
041 0 |a eng 
044 |a xxu 
080 |a 681.35 
100 1 |a Raol, J.R.  |4 edt 
245 1 0 |a Mobile Intelligent Autonomous Systems /  |c ed. J.R Raol ; ed. Ajith K Gopal 
260 |a Boca Raton :  |b CRC Press,  |c 2013 
300 |a 804 s. 
700 1 |a Gopal, Ajith K.  |4 edt 
996 |b 284EK89936  |c E* 89936  |l EE35  |s P  |a 0  |w 0031373_0001